LEADER 03785nam0 2200565 i 450 001 BVEE020190 005 20170908093209.0 012 $ae.co loce o.o- coCo (3) 1524 (R)$2fei 100 $a20150803d1524 ||||0itac50 ba 101 | $aita$clat 102 $ait 181 1$6z01$ai $bxxxe 182 1$6z01$an 200 1 $a˜M. L. Vitruuio Pollione œDe architectura traducto di latino in uulgare dal vero exemplare con le figure a li soi loci con mirando ordine insignito: con la sua tabula alphabetica: per la quale potrai facilmente trouare la moltitudine de li vocabuli a li soi loci con summa diligentia expositi: ... 210 $d1524$eStampata in Venetia$gin le case de Ioanne Antonio & Piero fratelli da Sabio$h1524. Del mese di Martio 215 $a[22], 110 c.$cill.$d2º 300 $aRiferimenti: Edit 16 CNCE 32343 300 $aA cura di Francesco Lucio Durantino, il cui nome appare nella pref. a c. 2A2r 300 $aColophon a c. 2C6r 300 $aGot. ; gr. ; rom 300 $aSegn.: 2A-2B⁸ 2C⁶ A-N⁸ O⁶ 300 $aFront. in cornice stampato in rosso e nero 300 $a 316 $a1 v. - Legatura di restauro in pergamena rigida. - Contropiatti e controguardie di restauro. - Tagli spruzzati in rosso. - Ex libris Capone sul contropiatto ant. - Sul frontespizio timbro della Biblioteca di Giulio e Scipione Capone.$5IT-AV0007, SEZ. RARI C 108 317 $aProvenienza: *Biblioteca di Giulio e Scipione Capone. $5IT-AV0007 SEZ. RARI C 108 500 10$aDe architectura$3BVEE009090$9CFIV072607$918291 620 $dVenezia$3SBLL003553 700 0$aVitruvius Pollio$3CFIV072607$4070$08237 702 1$aDurantino$b, Francesco Lucio$3BVEV031102 712 02$aNicolini da Sabbio, Giovanni Antonio & Nicolini da Sabbio, Pietro$3BVEV018067$4650 712 02$aBiblioteca di Giulio e Scipione Capone$3NAPP000884$4320$5IT-AV0007 SEZ. RARI C 108 790 1$aDurantino$b, Francesco Lutio$3CFIV287547$zDurantino, Francesco Lucio 790 1$aVitruvio Pollione$b, Marco$3CFIV129017$zVitruvius Pollio 790 1$aVitruvio$b, M.$3CFIV131454$zVitruvius Pollio 790 0$aVitruve$3CFIV149701$zVitruvius Pollio 790 1$aVitruvius Pollio$b, Marcus$3CFIV149702$zVitruvius Pollio 790 0$aVitruvio Pollione$3CFIV201618$zVitruvius Pollio 790 0$aVitruvio$3CFIV212526$zVitruvius Pollio 790 0$aVitruvius$3CFIV315950$zVitruvius Pollio 790 1$aPollio$b, Marcus Vitruvius$3SBNV038371$zVitruvius Pollio 790 1$aVitruvius Pollio$b, Lucius$3SBNV038372$zVitruvius Pollio 791 02$aNicolini da Sabbio, Pietro & Nicolini da Sabbio, Giovanni Antonio$3BVEV018070$zNicolini da Sabbio, Giovanni Antonio & Nicolini da Sabbio, Pietro 791 02$aIoannesantonius, & Petrus fratres de Nicolinis de Savio$3CFIV314367$zNicolini da Sabbio, Giovanni Antonio & Nicolini da Sabbio, Pietro 801 3$aIT$bIT-NA0079$c20150803 850 $aIT-AV0007 912 $aBVEE020190 950 0$aBiblioteca provinciale Scipione e Giulio Capone$bun esemplare$d AVSEZ. RARI C 108$e AVDAA0000183425 C 1 v. - Legatura di restauro in pergamena rigida. - Contropiatti e controguardie di restauro. - Tagli spruzzati in rosso. - Ex libris Capone sul contropiatto ant. - Sul frontespizio timbro della Biblioteca di Giulio e Scipione Capone.$fC $h20150803$i20150803$lLegatura di restauro in pergamena rigida; Contropiatti e controguardie di restauro; Tagli spruzzati in rosso$mCaratteristiche materiali$lEx libris Capone sul contropiatto ant.$mEx libris$lSul frontespizio timbro della Biblioteca di Giulio e Scipione Capone.$mTimbri di enti laici e persone 977 $a AV 996 $aDe architectura$918291 997 $aUNISANNIO LEADER 05354nam 22006015 450 001 9910412151603321 005 20251202132214.0 010 $a981-15-5085-9 024 7 $a10.1007/978-981-15-5085-0 035 $a(CKB)4100000011343247 035 $a(DE-He213)978-981-15-5085-0 035 $a(MiAaPQ)EBC6272334 035 $a(MiAaPQ)EBC6263985 035 $a(EXLCZ)994100000011343247 100 $a20200710d2020 u| 0 101 0 $aeng 135 $aurnn#008mamaa 181 $ctxt$2rdacontent 182 $cc$2rdamedia 183 $acr$2rdacarrier 200 10$aAdvances in Organic Crystal Chemistry $eComprehensive Reviews 2020 /$fedited by Masami Sakamoto, Hidehiro Uekusa 205 $a1st ed. 2020. 210 1$aSingapore :$cSpringer Nature Singapore :$cImprint: Springer,$d2020. 215 $a1 online resource (IX, 538 p. 403 illus., 215 illus. in color.) 311 08$a981-15-5084-0 327 $aPart I Nucleation and Crystal Growth -- X-ray Birefringence Imaging: A New Technique to Characterize Bond Orientational Distributions in Organic Materials -- Direct Visualization of Crystal Formation and Growth Process Probed by the Organic Fluorescent Molecules -- Anti-solvent Crystallization Method for Production of Desired Crystalline Particles -- Crystal Nucleation of Proteins Induced by Surface Plasmon Resonance -- Control of Crystal Size Distribution and Polymorphs in the Crystallization of Organic Compounds -- Managing Thermal History to Stabilize/Destabilize Pharmaceutical Glasses -- Part II Structure and Design of Crystals -- Supramolecular, Hierarchical and Energetical Interpretation of Organic Crystals: Generation of Supramolecular Chirality in Assemblies of Achiral Molecules -- Relationship Between Atomic Contact and Intermolecular Interactions: Significant Importance of Dispersion Interactions Between Molecules without Short Atom-atom Contact in Crystals -- PharmaceuticalMulticomponent Crystals: Structure, Design, and Properties -- The Design of Porous Organic Salts with Hierarchical Process -- Layered Hydrogen-bonded Organic Frameworks as Highly Crystalline Porous Materials -- Kinetic Assembly of Porous Coordination Networks Leads to Trapping Unstable Elemental Allotropes -- Creation of Organic-Metal Hybridized Nanocrystals toward Nonlinear Optics Applications -- Part III Function -- Luminescent Crystal ? Control of Excited-State Intramolecular Proton Transfer (ESIPT) Luminescence through Polymorphism -- Solid-State Fluorescence Switching Using Photochromic Diarylethenes -- Circularly Polarized Luminescence from Solid-State Chiral Luminophores -- Azulene-Based Materials for Organic Field-Effect Transistors -- Electronic Functions of Nanostructured Liquid Crystals with Electronic and Ionic Conductivity -- Part IV Chirality -- Kryptoracemates -- Twenty-Five Years? History, Mechanism and Generality of Preferential Enrichment as a Complexity Phenomenon.-Asymmetric Synthesis Involving Dynamic Enantioselective Crystallization -- Molecular Recognition by Inclusion Crystals of Chiral Host Molecules Having Trityl and Related Bulky Groups -- Asymmetric Catalysis and Chromatographic Enantiomer Separation by Homochiral Metal-Organic Framework: Recent Advances -- Part V Solid-State Reaction -- Solid-State Polymerization of Conjugated Acetylene Compounds to Form ?-Conjugated Polymers -- Click Chemistry to Metal Organic Frameworks as a Synthetic Tool for MOF and Applications for Functional Materials. 330 $aThis book summarizes and records the recent notable advances in diverse topics in organic crystal chemistry, which has made substantial progress along with the rapid development of a variety of analysis and measurement techniques for solid organic materials. This review book is one of the volumes that are published periodically on this theme. The previous volume, published in 2015, systematically summarized the remarkable progress in assorted topics of organic crystal chemistry using organic solids and organic?inorganic hybrid materials during the previous 5 years, and it has been widely read. The present volume also shows the progress of organic solid chemistry in the last 5 years, with contributions mainly by invited members of the Division of Organic Crystal Chemistry of the Chemical Society of Japan (CSJ), together with prominent invited authors from countries other than Japan. 606 $aChemistry, Organic 606 $aNanotechnology 606 $aCrystallography 606 $aChemistry, Inorganic 606 $aOrganic Chemistry 606 $aNanotechnology 606 $aCrystallography and Scattering Methods 606 $aInorganic Chemistry 615 0$aChemistry, Organic. 615 0$aNanotechnology. 615 0$aCrystallography. 615 0$aChemistry, Inorganic. 615 14$aOrganic Chemistry. 615 24$aNanotechnology. 615 24$aCrystallography and Scattering Methods. 615 24$aInorganic Chemistry. 676 $a548 702 $aSakamoto$b Masami$4edt$4http://id.loc.gov/vocabulary/relators/edt 702 $aUekusa$b Hidehiro$4edt$4http://id.loc.gov/vocabulary/relators/edt 801 0$bMiAaPQ 801 1$bMiAaPQ 801 2$bMiAaPQ 906 $aBOOK 912 $a9910412151603321 996 $aAdvances in Organic Crystal Chemistry$91939237 997 $aUNINA